[Event "Open"]
[Site "?"]
[Date "1997.11.16"]
[Round "9"]
[White "Kharitonov Andrei Y"]
[Black "Yakovich Yuri"]
[Result "1/2-1/2"]
[WhiteElo "2540"]
[BlackElo "2610"]
[PlyCount "80"]
[EventDate "1997.??.??"]
[Source "www.chesslib.no"]
[SourceDate "2004.05.04"]

1. d4 d5 2. Nf3 Nf6 3. Bg5 Ne4 4. Bh4 c5 5. dxc5 Nc6 6. e3 g6 7. Nbd2 Nxc5 8. Nb3 Bg7 9. Nxc5 Qa5+ 10. c3 Qxc5 11. Qb3 O-O 12. Rd1 e6 13. Be2 b6 14. O-O Bb7 15. Nd4 Ne5 16. Bg3 Rfc8 17. Bxe5 Bxe5 18. Rfe1 Rd8 19. Bf3 Rac8 20. g3 Bf6 21. Rd2 Ba6 22. Be2 Bb7 23. Bf3 Qc4 24. Be2 Qc7 25. Bf3 a6 26. Qd1 Rd6 27. Nb3 Rcd8 28. Qe2 b5 29. Red1 Qb6 30. e4 d4 31. cxd4 Bxd4 32. Nxd4 Rxd4 33. Rxd4 Rxd4 34. Rxd4 Qxd4 35. h4 h6 36. Bg2 Kg7 37. Qc2 b4 38. Kh2 e5 39. f3 Qd6 40. Bf1 a5 1/2-1/2

[Event "EU-ch 3rd"]
[Site "Batumi"]
[Date "2002.06.20"]
[Round "8"]
[White "Macieja, Bartlomiej"]
[Black "Socko, Bartosz"]
[Result "1/2-1/2"]
[WhiteElo "2584"]
[BlackElo "2564"]
[PlyCount "45"]
[EventDate "2002.06.12"]
[Source "ChessBase"]
[SourceDate "2002.09.20"]

1. Nf3 Nf6 2. d4 g6 3. Bg5 Bg7 4. Nbd2 d5 5. e3 O-O 6. Be2 c5 7. c3 cxd4 8. exd4 Nc6 9. O-O a6 10. a4 Ne4 11. Bf4 h6 12. Nxe4 dxe4 13. Ne5 Nxe5 14. Bxe5 Bxe5 15. dxe5 Be6 16. Qc1 Qc7 17. Qf4 Rad8 18. Rfd1 Bb3 19. Rdc1 Be6 20. Qxe4 Rd2 21. b4 Rfd8 22. Qe3 Bc4 23. Bxc4 1/2-1/2